Responses for show #1895 - Friday, November 27, 1992

Contestants

[<< previous game]

Michael Ming, a medical student originally from Bryn Mawr, Pennsylvania

Virginia Parrish, a teacher from Glassboro, New Jersey

Tim Buthod, a credit union teller from Atlanta, Georgia (whose 2-day cash winnings total $29,400)

[next game >>]

Jeopardy! Round responses

HISTORIC NAMES
COLORS
FOLK SINGERS
THE ENVIRONMENT
THE BIBLE
"FOR" WORDS
    $100 15
Plymouth Colony

Tim
    $100 11
the blue

Tim
    $100 21
Bob Dylan

Virginia
    $100 26
Kuwait

Virginia
    $100 5
salt

Tim
    $100 1
forceps

Tim
    $200 16
Mahatma Gandhi

Virginia
    $200 12
yellow

Michael
    $200 22
a train

Virginia
    $200 27
lead

Michael
    $200 7
Samson

Tim
    $200 2
a fortnight

Tim
    $300 17
Catherine the Great

Virginia
    $300 13
purple

Michael
    $300 23
Peter, Paul and Mary

Michael
    $300 28
carbon dioxide

Michael
    $300 8
the spirit

Virginia
    $300 3
Formosa

Michael
    $400 18
Captain Kidd

Triple Stumper
    $400 14
grey/gray

Tim
    $400 24
Joan Baez

Michael
    $400 29
topsoil

Triple Stumper
    $400 9
the lamb

Virginia
    $400 4
fortissimo

Virginia
    $500 19
Florence Nightingale

Michael
    $1,000 20
green

Michael
    $500 25
Pete Seeger

Michael
    $500 30
Love Canal

Virginia
    $500 10
(Alex: What are ants, dead ants?)
(Offstage: No, Alex!)
(Alex: Oh, I'm sorry, dead [*]?
[Audience laughter.]
(Alex: Dead ants. Okay. Dead [*].)

flies

Triple Stumper
    $500 6
Fortran

Michael

Scores at the first commercial break (after clue 13):

Tim Virginia Michael
$700 $1,100 $1,300

Scores at the end of the Jeopardy! Round:

Tim Virginia Michael
$1,200 $2,500 $4,500

Double Jeopardy! Round responses

ANATOMY
THE 18th CENTURY
ARTISTS
FOOD
SHAKESPEARE
"C" THE WORLD
(Alex: Each correct response will begin with that letter of the alphabet.)
    $200 21
the stomach

Tim
    $200 16
Nathan Hale

Michael
    $200 7
Mexico

Virginia
    $200 29
preserve them

Michael
    $200 2
Joan of Arc

Michael
    $200 1
Chile

Virginia
    $400 22
the capillaries

Michael
    $400 17
John Jay

Tim
    $400 9
Dante

Michael
    $400 28
marmalade

Michael
    $400 8
Macbeth

Tim
    $400 3
Champagne

Tim
    $600 23
colon (or large intestine)

Michael
    $600 18
the Boston Massacre

Virginia
    $600 13
Leonardo

Michael
    $600 26
sourdough

Michael
    $600 10
Portia

Michael
    $600 4
Cathay

Tim
    $800 30
a ball and socket joint

Tim
    $800 19
Cook

Michael
    $800 14
(Georges) Seurat

Tim
    $1,100 25
(Michael: What is rabbit?)
(Alex: No, thought you might say that.)

pepper

Michael
    $800 11
A Midsummer Night's Dream

Virginia
    $800 5
the Carpathians

Tim
    $2,900 24
(Alex: Medical student takes a chance on a Daily Double, and it pays off.)

taste buds

Michael
    $1000 20
the Great Awakening

Virginia
    $1000 15
de Kooning

Tim
    $1000 27
Switzerland

Michael
    $1000 12
A Winter's Tale

Tim
    $1000 6
(Michael: What is Crete?)
(Virginia: What is Cyprus?)

Corfu

VirginiaMichael
Triple Stumper

Scores at the end of the Double Jeopardy! Round:

Tim Virginia Michael
$7,600 $4,300 $11,300

[wagering suggestions for these scores]

Final Jeopardy! Round responses

ISLANDS
(Alex: Off the southeast coast of Africa.)
VirginiaWhat is S Madagasacar
$4,000
TimWhat is Madagascar
$1,100
MichaelWhat is Madagascar?
$3,901
Madagascar

Final scores:

Tim Virginia Michael
$8,700 $8,300 $15,201
2nd place: Broyhill entertainment center + Panasonic audio and video equipment 3rd place: Corning cookware New champion: $15,201

Game dynamics:

Coryat scores:

Tim Virginia Michael
$7,600 $4,300 $10,000
17 R,
0 W
14 R,
1 W
24 R
(including 2 DDs),
2 W
(including 1 DD)

Combined Coryat: $21,900

The J! Archive is created by fans, for fans. The Jeopardy! game show and all elements thereof, including but not limited to copyright and trademark thereto, are the property of Jeopardy Productions, Inc. and are protected under law. This website is not affiliated with, sponsored by, or operated by Jeopardy Productions, Inc. Join the discussion at JBoard.tv.